|
|
|
|
| LEADER |
01073npc a2200241 i 4500 |
| 001 |
eta2685 |
| 005 |
20200320084036.0 |
| 008 |
200320suuuu hu o 0|| hun d |
| 040 |
|
|
|a SZTE Elektronikus Tananyag Archívum
|b hun
|
| 041 |
|
|
|a hun
|
| 100 |
1 |
|
|a Fábián Gabriella
|
| 245 |
1 |
0 |
|a Molekuláris onkológia
|h [elektronikus dokumentum] :
|b molekuláris célzott terápia az onkológiai gyakorlatban, molekuláris célzott gyógyszerek fejlesztése /
|c Fábián Gabriella
|
| 246 |
1 |
0 |
|a A new era in oncology practice, and drug development of molecular targeted agents
|h [elektronikus dokumentum]
|
| 650 |
|
4 |
|a Orvos- és egészségtudomány
|
| 650 |
|
4 |
|a Általános orvostudomány
|
| 650 |
|
4 |
|a Farmakológia és gyógyszerészet
|
| 650 |
|
4 |
|a Gyógyszerészet, farmakogenomika, gyógyszerkutatás és tervezés, gyógyszeres kezelés
|
| 650 |
|
4 |
|a Klinikai orvostan
|
| 650 |
|
4 |
|a Onkológia
|
| 650 |
|
4 |
|a Rákellenes terápia
|
| 700 |
0 |
1 |
|a Kahán Zsuzsanna
|e aut
|
| 700 |
0 |
1 |
|a Rusz Orsolya
|e aut
|
| 856 |
4 |
0 |
|u https://eta.bibl.u-szeged.hu/2685/2/6/index.html
|z Dokumentum-elérés
|